Un sembrado de estrellas /
Guardado en:
| Autor Principal: | |
|---|---|
| Otros Autores: | |
| Formato: | Libro |
| Publicado: |
Buenos Aires :
Sigmar,
2014
|
| Materias: | |
| Etiquetas: |
Agregar Etiqueta
Sin Etiquetas, Sea el primero en etiquetar este registro!
|
| LEADER | 01468nam a22003375a 4500 | ||
|---|---|---|---|
| 001 | CEM.cems015132 | ||
| 005 | 20190923160225.0 | ||
| 008 | 130507s2014##################000#0#####d | ||
| 003 | CEMS | ||
| 020 | |a 9789501135787 | ||
| 082 | 0 | 4 | |a A868.4 |
| 100 | 1 | |a García Bazterra, Lilia María | |
| 245 | 1 | 0 | |a Un sembrado de estrellas / |c Lilia María García Bazterra ; ilustrado Por Patricia López Latour |
| 260 | |a Buenos Aires : |b Sigmar, |c 2014 | ||
| 300 | |a 64 p. | ||
| 653 | |a Literatura | ||
| 653 | |a Literatura argentina | ||
| 653 | |a Literatura infantil | ||
| 653 | |a Literatura bahiense | ||
| 653 | |a Cuentos infantiles | ||
| 653 | |a Colección ciencias de la educación | ||
| 700 | 1 | |a López Latour, Patricia; il. | |
| 859 | |a CEMS |b BIB. CEMS - Ccias. Educacion |h A868.4 |i G165 |k CE |p 28112.19 |t Ej.1 | ||
| 859 | |a CEMS |b BIB. CEMS - Ccias. Educacion |h A868.4 |i G165 |k CE |p 28113.19 |t Ej.2 | ||
| 859 | |a CEMS |b BIB. CEMS - Ccias. Educacion |h A868.4 |i G165 |k CE |p 28114.19 |t Ej.3 | ||
| 859 | |a CEMS |b BIB. CEMS - Ccias. Educacion |h A868.4 |i G165 |k CE |p 28115.19 |t Ej.4 | ||
| 859 | |a CEMS |b BIB. CEMS - Ccias. Educacion |h A868.4 |i G165 |k CE |p 28116.19 |t Ej.5 | ||
| 859 | |a CEMS |b BIB. CEMS - Ccias. Educacion |h A868.4 |i G165 |k CE |p 28117.19 |t Ej.6 | ||
| 859 | |a CEMS |b BIB. CEMS - Ccias. Educacion |h A868.4 |i G165 |k CE |p 28118.19 |t Ej.7 | ||
| 859 | |a CEMS |b BIB. CEMS - Ccias. Educacion |h A868.4 |i G165 |k CE |p 28119.19 |t Ej.8 | ||
| 859 | |a CEMS |b BIB. CEMS - Ccias. Educacion |h A868.4 |i G165 |k CE |p 28571.19 |t Ej.9 | ||
